000 01042nam a2200253Ia 4500
003 OSt
005 20220930095124.0
006 a|||||r|||| 00| 0
007 ta
008 220926b |||||||| |||| 00| 0 pan d
024 _a10729
037 _cTheses
040 _aCRL
_cCRL
_bpan
041 _2pan
_apan
100 _aਸੰਦੀਪ ਸਿੰਘ
110 _aਦਿੱਲੀ ਯੁਨੀਵਰਸਿਟੀ. ਆਰਟਸ ਖ਼ੈਕਲਟੀ. ਪੰਜਾਬੀ ਵਿਭਾਗ
_9556932
245 0 _aਚੁਝਾਰਵਾਦੀ ਪੰਜਾਬੀ ਕਾਵਿ ਧਾਰਾ
_b ਚਿਹਨ ਵਿਗਿਆਨਕ ਅਧਿਐਨ
260 _c2013
650 _aਪੰਜਾਬੀ ਸਾਹਿਤ
700 _a ਗੋਜਰਾ, ਕੁਲਵੀਰ, ਭਚ.
700 _aਦਿੱਲੀ ਯੁਨੀਵਰਸਿਟੀ. ਆਰਟਸ ਖ਼ੈਕਲਟੀ. ਪੰਜਾਬੀ ਵਿਭਾਗ
_9556933
942 _cDIS
_2CC
999 _c888359
_d888359